| 000 | 00547nam a22001937a 4500 | ||
|---|---|---|---|
| 003 | OSt | ||
| 005 | 20180116183030.0 | ||
| 008 | 151218b xxu||||| |||| 00| 0 eng d | ||
| 020 | _a03-837-2006-1 | ||
| 024 | _203-837-2006-1 | ||
| 040 | _cLahore LUMS | ||
| 082 | _a174.4 LUM 2006 | ||
| 100 | _aAli I, Bashir M | ||
| 245 |
_aPUNJAB RURAL SUPPORT PROGRAM _cAli I, Bashir M |
||
| 260 |
_aLahore LUMS _b Lahore University of Management Sciences _c2006 |
||
| 300 |
_a15 p. _bPapers |
||
| 440 | _aPUNJAB RURAL SUPPORT PROGRAM | ||
| 942 |
_2ddc _cCS |
||
| 999 |
_c350976 _d350976 |
||